Intrapreneuring: el empresario dentro de la empresa
Uloženo v:
| Hlavní autor: | |
|---|---|
| Médium: | Kniha |
| Jazyk: | španělština |
| Vydáno: |
Bogotá
Norma
1985
|
| Edice: | Libros de Interés General
|
| Témata: | |
| Tagy: |
Přidat tag
Žádné tagy, Buďte první, kdo vytvoří štítek k tomuto záznamu!
|
MARC
| LEADER | 00000nam a2200000 a 4500 | ||
|---|---|---|---|
| 001 | UCQ1067 | ||
| 003 | CL-VaPUC | ||
| 008 | 980709e19850000ck |||||||||||||||||spa|d | ||
| 082 | 0 | 4 | |a 658.4 |b PIN |2 21 |
| 100 | 0 | |a Pinchot, Gifford |e author |9 414592 | |
| 245 | 1 | 0 | |a Intrapreneuring: el empresario dentro de la empresa |
| 246 | 1 | 0 | |a Cómo hacerse empresario sin salirse de la empresa |
| 300 | |a 335 p | ||
| 942 | |c BK | ||
| 945 | |d 19980709 00:00:00 |a cmena | ||
| 260 | |a Bogotá |b Norma |c 1985 | ||
| 650 | 0 | |a Administración de empresas |9 260833 | |
| 650 | 7 | |a EMPRESARIOS |2 CL-VaPUC |9 315086 | |
| 650 | 7 | |a PLANIFICACION Y CONTROL |2 CL-VaPUC |9 414593 | |
| 650 | 0 | |a Calidad total |9 259929 | |
| 650 | 0 | |a Liderazgo |9 271835 | |
| 650 | 7 | |a ESTRATEGIAS |2 CL-VaPUC |9 342878 | |
| 583 | |a last modification |c 20171128 02:43:09 |k Rodrigo Vera | ||
| 490 | 0 | |a Libros de Interés General | |
| 999 | |c 272071 |d 272069 | ||
| 952 | |0 0 |1 0 |4 0 |6 658_400000000000000_PIN_1985 |7 0 |8 A |9 306921 |a BIBENE |b BIBENE |d 2019-11-20 |i 1430785 |o 658.4 PIN 1985 |p 1430785 |r 2025-01-15 |w 2019-11-20 |y BK |k ICO | ||
| 952 | |0 0 |1 0 |4 0 |6 658_400000000000000_PIN_1985 |7 0 |8 A |9 306922 |a BIBENE |b BIBENE |d 2019-11-20 |i 1430793 |o 658.4 PIN 1985 |p 1430793 |r 2025-01-15 |w 2019-11-20 |y BK |k ICO | ||